| 000 | 00000nam##2200000za#4500 |
| 001 | 9.644201 |
| 003 | CaOODSP |
| 005 | 20210624224532 |
| 007 | cr ||||||||||| |
| 008 | 150407|1993||||xxc|||||o f|0| 0 fre|d |
| 040 | |aCaOODSP|bfre |
| 043 | |an-cn--- |
| 086 | 1 |aA53-1889/1993F-PDF |
| 110 | 1 |aCanada.|bAgriculture Canada. |bDirection générale des communications. |
| 245 | 13|aLe brome des prés / |h[ressource électronique]|c[par] R.P. Knowles, V.S. Baron, D.H. McCartney. |
| 260 | |aOttawa - Ontario : |bAgriculture Canada. |cc1993. |
| 300 | |a24p.|bfigures, ill., références, tableaux |
| 500 | |aPublication historique numérisée par Agriculture et Agroalimentaire Canada. |
| 590 | |a15-02-Supp|b2015-02-16 |
| 720 | 1 |aKnowles, R. P. |
| 720 | 1 |aBaron, V. S. |
| 720 | 1 |aMcCartney, D. H. |
| 775 | 08|tMeadow bromegrass / |w(CaOODSP)9.700306 |
| 856 | 40|ahttp://publications.gc.ca|qPDF|s1211 Ko|uhttps://publications.gc.ca/collections/collection_2015/aac-aafc/A53-1889-1993-fra.pdf |
| 986 | |aPublication 1889/F |